Quick Pick: 'A' Beverages Quiz Stats

 Plays Quiz Updated Oct 18, 2017

Score 0/12 Timer 01:00
11 Plays Today
% Correct
Apple Cider
98%
Amaretto Sour
94.8%
Ale
94.5%
Absolut
93.1%
Absinthe
92.7%
Appletini
92.1%
Aquafina
91.5%
Apricot Sour
90.7%
Alabama Slammer
88.4%
Arnold Palmer
79.8%
Americano
74.9%
AMP Energy
62.2%

Today's Daily Dose

You're not logged in!

Compare scores with friends on all Sporcle quizzes.
OR
Log In

You Might Also Like...

Show Comments

Extras

Top Quizzes Today


Score Distribution

Your Account Isn't Verified!

In order to create a playlist on Sporcle, you need to verify the email address you used during registration. Go to your Sporcle Settings to finish the process.

Report this User

Report this user for behavior that violates our Community Guidelines.

Details: